| 000 | 00854nam a2200229 a 4500 | ||
|---|---|---|---|
| 001 | 62161 | ||
| 003 | BD-RjUL | ||
| 005 | 20211209081041.0 | ||
| 008 | 170123s1985 bg |||| b||| 00| 0 ben d | ||
| 035 | _a(BD-RjUL)62286 | ||
| 040 |
_aBD-RjUL _bben _cBD-RjUL |
||
| 041 | _aben | ||
| 082 |
_a158.7 _bKHS 1985 |
||
| 100 |
_aখালেক, আবদুল _9157800 |
||
| 245 | 1 | 0 |
_aশিল্প মনোবিজ্ঞান = Industrial Psychology / _cআবদুল খালেক |
| 260 |
_aঢাকা : _bঢাকা বিশ্ববিদ্যালয়, _c১৯৮৫ |
||
| 300 |
_a৬২৪ পৃ. ; _c২১ সেমি. |
||
| 504 | _aগ্রন্থপঞ্জি সংযুক্ত | ||
| 650 |
_aমনোবিজ্ঞান, শিল্প _9157801 |
||
| 650 |
_aPsychology, Industrial _9131159 |
||
| 942 |
_2ddc _cBK |
||
| 999 |
_c62161 _d62161 |
||